Get off my ship

Uloženo v:
Podrobná bibliografie
Hlavní autor: Gibson, Lawrence E.
Médium: Kniha
Jazyk:angličtina
Tagy: Přidat tag
Žádné tagy, Buďte první, kdo vytvoří štítek k tomuto záznamu!

MARC

LEADER 00000nam a2200000 4500
001 CDOM0000002681
003 mi
005 20251016232417.0
008 251016b |||||||| |||| 00| 0 eng d
040 |c mi 
100 |a Gibson, Lawrence E. 
245 1 |a Get off my ship  
942 |2 ddc  |c BK 
952 |0 0  |1 0  |2 ddc  |4 0  |7 0  |9 6139  |a MI  |b MI  |d 1988-02-18  |i 830  |l 0  |p CDOM830  |r 2025-07-13 16:28:00  |w 2025-07-13  |x ACQUISTO  |y BK 
999 |c 4911  |d 4911